00400pab a2200133 454500008004000000100002300040245012100063260000900184300001400193362000800207650000900215700002200224773002000246180718b2008 xxu||||| |||| 00| 0 eng d aAgadjanian, Victor aTalking about the "epidemic of the millennium": religion, informal communication, and HIV/AIDS in Sub-Saharan Africa c2008 ap.301-21. aAug aAIDS aMenjivar, Cecilia aSocial Problems